Máximos goleadores a nivel de selecciones - Estadísticas

Estadísticas generales
  • Esta prueba ha sido intentada 130 veces
  • La puntuación promedio es 4 de 10
Estadísticas de respuestas
Goles Partidos País/es Jugador % Correcto
122 198 Portugal Cristiano Ronaldo
99%
99 173 Argentina Lionel Messi
98%
77 92 Brasil Pelé
87%
84 89 Hungría/España Ferenc Puskás
78%
75 68 Hungría Sándor Kocsis
22%
109 149 Irán Ali Daei
13%
79 111 Zambia Godfrey Chitalu
6%
78 137 Irak Hussein Saeed
5%
76 92 Emiratos Árabes Unidos Ali Mabkhout
3%
89 143 Malasia Mokhtar Dahari
3%
No se encontraron pruebas coincidentes
Distribución de puntuación
Porcentaje de gente con cada puntuación
Porcentaje por número respondido
Historial de tus puntuaciones
No has intentado esta prueba.